Торможение автомобиля и автопоезда. Элементы теории торможения, методы оценки тормозных свойств, пути совершенствования тормозных систем

Dades bibliogràfiques
Autor principal: Розанов В. Г. Владимир Григорьевич
Idioma:rus
Publicat: Москва, Машиностроение, 1964
Matèries:
Format: Llibre
KOHA link:https://koha.lib.tpu.ru/cgi-bin/koha/opac-detail.pl?biblionumber=329890

MARC

LEADER 00000nam0a2200000 4500
001 329890
005 20231102004215.0
035 |a (RuTPU)RU\TPU\book\355658 
090 |a 329890 
100 |a 20170323d1964 km y0rusy50 ca 
101 0 |a rus 
102 |a RU 
105 |a a z 001zy 
200 1 |a Торможение автомобиля и автопоезда. Элементы теории торможения, методы оценки тормозных свойств, пути совершенствования тормозных систем  |f В. Г. Розанов 
210 |a Москва  |c Машиностроение  |d 1964 
215 |a 243 с.  |c ил. 
320 |a Библиогр.: с 240-241. 
606 1 |a Автомобили  |x Торможение  |2 stltpush  |3 (RuTPU)RU\TPU\subj\1024  |9 29823 
610 1 |a автопоезда 
610 1 |a тормозные системы 
610 1 |a колеса 
610 1 |a повозки 
610 1 |a свойства 
675 |a 629.113-59  |v 4 
700 1 |a Розанов  |b В. Г.  |g Владимир Григорьевич 
801 1 |a RU  |b 63413507  |c 20170323 
801 2 |a RU  |b 63413507  |c 20170404  |g RCR 
942 |c BK